Macroeconomic analysis / (Record no. 112)
[ view plain ]
| 000 -LEADER | |
|---|---|
| fixed length control field | 00528nam a2200181 4500 |
| 001 - CONTROL NUMBER | |
| control field | 127 |
| 005 - DATE AND TIME OF LATEST TRANSACTION | |
| control field | 20181127160505.0 |
| 008 - FIXED-LENGTH DATA ELEMENTS--GENERAL INFORMATION | |
| fixed length control field | 820518s1982 nyua b 001 0 eng |
| 010 ## - LIBRARY OF CONGRESS CONTROL NUMBER | |
| LC control number | 81082171 |
| 020 ## - INTERNATIONAL STANDARD BOOK NUMBER | |
| International Standard Book Number | 0155512153 |
| 100 1# - MAIN ENTRY--PERSONAL NAME | |
| Personal name | Shapiro, Edward, |
| Dates associated with a name | 1920- |
| 245 10 - TITLE STATEMENT | |
| Title | Macroeconomic analysis / |
| Statement of responsibility, etc. | Edward Shapiro. |
| 250 ## - EDITION STATEMENT | |
| Edition statement | 5th ed. |
| 260 ## - PUBLICATION, DISTRIBUTION, ETC. | |
| Place of publication, distribution, etc. | New York : |
| Name of publisher, distributor, etc. | Harcourt Brace Jovanovich, |
| Date of publication, distribution, etc. | c1982. |
| 300 ## - PHYSICAL DESCRIPTION | |
| Extent | xix, 632 p. : |
| Other physical details | ill. ; |
| Dimensions | 25 cm. |
| 504 ## - BIBLIOGRAPHY, ETC. NOTE | |
| Bibliography, etc. note | Includes bibliographical references and index. |
| 650 #0 - SUBJECT ADDED ENTRY--TOPICAL TERM | |
| Topical term or geographic name entry element | Macroeconomics. |
| Withdrawn status | Lost status | Source of classification or shelving scheme | Damaged status | Not for loan | Collection code | Home library | Current library | Shelving location | Date acquired | Cost, normal purchase price | Serial Enumeration / chronology | Inventory number | Full call number | Barcode | Date last seen | Copy number | Price effective from | Koha item type | Total Checkouts | Date last checked out |
|---|---|---|---|---|---|---|---|---|---|---|---|---|---|---|---|---|---|---|---|---|
| Dewey Decimal Classification | Main TEST | RTC Library | RTC Library | Main opac | 15/04/2022 | 215.00 | 1893 | 339 SHA 1982 c.1 | 30002767 | 27/11/2018 | 1 | 27/11/2018 | Main | |||||||
| Dewey Decimal Classification | Main TEST | RTC Library | RTC Library | Main opac | 15/04/2022 | 215.00 | 1899 | 339 SHA | 30000043 | 22/10/2024 | 8 | 27/11/2018 | Main | 2 | 30/07/2024 | |||||
| Dewey Decimal Classification | Main TEST | RTC Library | RTC Library | Main opac | 15/04/2022 | 215.00 | 1891 | 339 SHA | 30000053 | 27/11/2018 | 10 | 27/11/2018 | Main | |||||||
| Dewey Decimal Classification | Main TEST | RTC Library | RTC Library | Main opac | 2490 | 339 SHA | 30002609 | 27/11/2018 | 2 | 27/11/2018 | Main | |||||||||
| Dewey Decimal Classification | Main TEST | RTC Library | RTC Library | Main opac | 15/04/2022 | 215.00 | 1895 | 339 SHA | 30000034 | 22/08/2022 | 3 | 27/11/2018 | Main | 1 | 08/08/2022 | |||||
| Dewey Decimal Classification | Main TEST | RTC Library | RTC Library | Main opac | 15/04/2022 | 215.00 | 1898 | 339 SHA | 30000048 | 23/08/2022 | 9 | 27/11/2018 | Main | 1 | 08/08/2022 | |||||
| Dewey Decimal Classification | Main TEST | RTC Library | RTC Library | Main opac | 07/03/2022 | 215.00 | 1890 | 339 SHA | 30000044 | 10/06/2022 | 5 | 27/11/2018 | Main | 2 | 27/05/2022 | |||||
| Dewey Decimal Classification | Main TEST | RTC Library | RTC Library | Main opac | 2491 | 339 SHA | 30000033 | 27/11/2018 | 7 | 27/11/2018 | Main | |||||||||
| Dewey Decimal Classification | Main TEST | RTC Library | RTC Library | Main opac | 15/04/2022 | 215.00 | 1897 | 339 SHA | 30000068 | 05/05/2022 | 12 | 27/11/2018 | Main | 2 | 20/04/2022 | |||||
| Dewey Decimal Classification | Main TEST | RTC Library | RTC Library | Main opac | 15/04/2022 | 215.00 | 1896 | 339 SHA | 30000063 | 06/08/2019 | 11 | 27/11/2018 | Main | 1 | 02/08/2019 | |||||
| Dewey Decimal Classification | Main TEST | RTC Library | RTC Library | Main opac | 15/04/2022 | 215.00 | 1892 | 339 SHA | 30000069 | 27/11/2018 | 4 | 27/11/2018 | Main | |||||||
| Missing | Dewey Decimal Classification | Main TEST | RTC Library | RTC Library | Main opac | 15/04/2022 | 215.00 | 1894 | 339 SHA | 30000003 | 27/11/2018 | 6 | 27/11/2018 | Main |